Countries with the Highest Crime Rates - Statistics

General Stats
  • This quiz has been taken 207 times
  • The average score is 5 of 10
Answer Stats
Crime Rate Country % Correct
67.49 Brazil
77%
83.76 Venezuela
74%
67.79 El Salvador
66%
74.54 Honduras
59%
76.86 South Africa
56%
67.42 Jamaica
41%
76.31 Afghanistan
33%
68.74 Guyana
29%
71.63 Trinidad and Tobago
17%
80.79 Papua New Guinea
16%
No matching quizzes found
Score Distribution
Percent of People with Each Score
Percentile by Number Answered
Your Score History
You have not taken this quiz